| 000 | 00000nam##2200000za#4500 |
| 001 | 9.645443 |
| 003 | CaOODSP |
| 005 | 20230202144024 |
| 007 | ta |
| 008 | 150407|1994||||xxc||||| f|0| 0 eng|d |
| 020 | |a0-662-21363-7 |
| 040 | |aCaOODSP|beng |
| 043 | |an-cn--- |
| 086 | 1 |aH72-21/96-1994E |
| 110 | 2 |aNational Clearinghouse on Family Violence (Canada). |
| 245 | 10|aImproving child and family welfare : |ba summary and reconsideration of 11 recent National Welfare Grant demonstration projects / |cby Andy Wachtel. |
| 260 | |aOttawa - Ontario : |bHealth Canada. |c1994. |
| 300 | |a31p. : |breferences ; |c28 cm. |
| 563 | |aSoftcover |
| 590 | |a94-08|b1994-02-25 |
| 690 | 07|aChild care|2gcpds |
| 690 | 07|aFamily violence|2gcpds |
| 720 | 1 |aWachtel, Andy |
| 775 | 08|tL'amélioration de l'aide sociale à l'enfance et à la famille : |w(CaOODSP)9.679118 |
| 776 | 0#|tImproving child and family welfare : |w(CaOODSP)9.695740 |